[Event "6. OPEN International Ch of Vojvodina 20"]
[Site "Novi Sad"]
[Date "2015.07.25"]
[Round "1"]
[Board "1"]
[White "Atalik, Suat"]
[Black "Beslin, Igor"]
[Result "1-0"]
[WhiteElo "2564"]
[BlackElo "2056"]
[PlyCount "75"]
[EventDate "2015.07.25"]
[EventRounds "9"]
[EventCountry "SRB"]

1. Nf3 d5 2. c4 e6 3. g3 Nf6 4. Bg2 Be7 5. O-O O-O 6. d4 b6 7. cxd5 exd5 8. Nc3
Bb7 9. Ne5 Nbd7 10. Qa4 Nb8 11. Bf4 c6 12. Rfd1 b5 13. Qc2 Nbd7 14. Rac1 Rc8
15. Bh3 Ra8 16. b3 Nxe5 17. Bxe5 Ba3 18. Rb1 Bd6 19. a4 a6 20. Bxd6 Qxd6 21. b4
Bc8 22. Bg2 Bd7 23. f3 Rfc8 24. a5 Re8 25. e4 dxe4 26. fxe4 Ng4 27. Qd2 Qg6 28.
Qf4 Qh5 29. h3 Nh6 30. g4 Qh4 31. e5 f5 32. exf6 Rf8 33. Ne4 gxf6 34. d5 cxd5
35. Rxd5 f5 36. Rxd7 fxe4 37. Qxe4 Nf5 38. gxf5 1-0

[Event "6. OPEN International Ch of Vojvodina 20"]
[Site "Novi Sad"]
[Date "2015.07.25"]
[Round "1"]
[Board "2"]
[White "Perovic, Zivojin"]
[Black "Kadric, Denis"]
[Result "0-1"]
[WhiteElo "2042"]
[BlackElo "2511"]
[PlyCount "120"]
[EventDate "2015.07.25"]
[EventRounds "9"]
[EventCountry "SRB"]

1. e4 g6 2. d4 Bg7 3. Nf3 d6 4. Nc3 a6 5. a4 Nf6 6. h3 O-O 7. Be3 b6 8. Bd3 e6
9. O-O Bb7 10. Qd2 Re8 11. Rad1 Nc6 12. Bg5 Qc8 13. Rfe1 Nd7 14. Bc4 Ne7 15.
Bb3 Kh8 16. Bh6 Bxh6 17. Qxh6 Ng8 18. Qe3 f6 19. Qd3 Re7 20. Ne2 e5 21. Ng3 Qe8
22. dxe5 Nc5 23. Qc4 fxe5 24. Qxg8+ Qxg8 25. Bxg8 Kxg8 26. b3 a5 27. Nd2 Ne6
28. Ne2 Ba6 29. Nb1 Kf8 30. f3 Ke8 31. Kf2 Kd7 32. Ke3 Rf7 33. c4 c6 34. Nbc3
Kc7 35. Rd2 Raf8 36. Red1 Ng5 37. Ng1 Rf6 38. h4 Nf7 39. g3 Nd8 40. Rf2 Bc8 41.
Nge2 Ne6 42. Rdf1 Nc5 43. Nc1 Re8 44. Rd1 h6 45. Rh1 Ref8 46. f4 Bg4 47. Rhf1
Kd7 48. fxe5 Rxf2 49. Rxf2 Rxf2 50. Kxf2 dxe5 51. Ke3 Kd6 52. Kf2 Ne6 53. Ke3
Nd4 54. Kd2 Ne6 55. Nd3 Nc5 56. Nc1 Bf3 57. Ke3 Bg2 58. g4 Ke6 59. h5 gxh5 60.
gxh5 Kf6 0-1

[Event "6. OPEN International Ch of Vojvodina 20"]
[Site "Novi Sad"]
[Date "2015.07.25"]
[Round "1"]
[Board "3"]
[White "Lajthajm, Borko"]
[Black "Omorjan, Dejan"]
[Result "1-0"]
[WhiteElo "2443"]
[BlackElo "2035"]
[PlyCount "51"]
[EventDate "2015.07.25"]
[EventRounds "9"]
[EventCountry "SRB"]

1. d4 Nf6 2. c4 g6 3. Nc3 Bg7 4. e4 d6 5. h3 O-O 6. Be3 e5 7. d5 a5 8. g4 Na6
9. Nge2 Nc5 10. Ng3 c6 11. g5 Nfd7 12. h4 f5 13. dxc6 bxc6 14. exf5 gxf5 15.
Qxd6 Qb6 16. O-O-O Rb8 17. Rd2 f4 18. Bxc5 Nxc5 19. Nge4 Nxe4 20. Nxe4 Bg4 21.
Nf6+ Bxf6 22. gxf6 Rfe8 23. Rg1 h5 24. Qd7 Qb7 25. f7+ Kh8 26. Qxb7 1-0

[Event "6. OPEN International Ch of Vojvodina 20"]
[Site "Novi Sad"]
[Date "2015.07.25"]
[Round "1"]
[Board "4"]
[White "Adamov, Ivan"]
[Black "Drazic, Sinisa"]
[Result "0-1"]
[WhiteElo "2033"]
[BlackElo "2439"]
[PlyCount "94"]
[EventDate "2015.07.25"]
[EventRounds "9"]
[EventCountry "SRB"]

1. e4 d6 2. d4 Nf6 3. Nc3 e5 4. dxe5 dxe5 5. Qxd8+ Kxd8 6. Bg5 Be6 7. O-O-O+
Nbd7 8. Nf3 Bd6 9. Bb5 Kc8 10. Rhe1 h6 11. Bh4 a6 12. Bf1 Re8 13. h3 b5 14. Kb1
Kb7 15. g4 Nh7 16. Nd5 Nb6 17. Ne3 f6 18. Nf5 Bf8 19. Nd2 Ng5 20. Bg3 Rad8 21.
h4 Rxd2 22. Rxd2 Nf3 23. Red1 Nxd2+ 24. Rxd2 g6 25. Ne3 Bc5 26. Be2 Bxe3 27.
fxe3 g5 28. Rd1 Kc6 29. Rf1 Nd7 30. b3 Kd6 31. h5 Ke7 32. Be1 c5 33. Bc3 Rb8
34. Bb2 Nb6 35. Bc3 Nc8 36. Bf3 b4 37. Bb2 Nd6 38. Rc1 c4 39. c3 cxb3 40. cxb4
bxa2+ 41. Ka1 Nc4 42. Bc3 Nxe3 43. Be1 Bxg4 44. Bxg4 Nxg4 45. Rc7+ Kd6 46. Rh7
Rc8 47. Kxa2 Rc1 0-1

[Event "6. OPEN International Ch of Vojvodina 20"]
[Site "Novi Sad"]
[Date "2015.07.25"]
[Round "1"]
[Board "5"]
[White "Saric, Sinisa"]
[Black "Cvetanovic, Damjan"]
[Result "1-0"]
[WhiteElo "2420"]
[BlackElo "2033"]
[PlyCount "45"]
[EventDate "2015.07.25"]
[EventRounds "9"]
[EventCountry "SRB"]

1. d4 d6 2. c4 e5 3. Nc3 exd4 4. Qxd4 Nc6 5. Qd2 Nf6 6. b3 a5 7. Bb2 a4 8. Rd1
Bf5 9. f3 axb3 10. axb3 g6 11. e4 Be6 12. Bd3 Bg7 13. Nge2 O-O 14. O-O Nd7 15.
Nb5 Nc5 16. Bxg7 Kxg7 17. Qc3+ Qf6 18. Nxc7 Qxc3 19. Nxc3 Ra3 20. N3b5 Rxb3 21.
Be2 Rb2 22. Rf2 Rc8 23. Bf1 1-0

[Event "6. OPEN International Ch of Vojvodina 20"]
[Site "Novi Sad"]
[Date "2015.07.25"]
[Round "1"]
[Board "6"]
[White "Hajder, Nedeljko"]
[Black "Radovanovic, Nikola"]
[Result "0-1"]
[WhiteElo "2033"]
[BlackElo "2420"]
[PlyCount "76"]
[EventDate "2015.07.25"]
[EventRounds "9"]
[EventCountry "SRB"]

1. d4 Nf6 2. c4 g6 3. Nc3 Bg7 4. e4 d6 5. Bd3 O-O 6. Nge2 e5 7. d5 a5 8. f3 Na6
9. Be3 Nd7 10. Ng3 Ndc5 11. Bb1 h5 12. Qd2 h4 13. Nge2 Bd7 14. g4 c6 15. h3 Nc7
16. Bc2 cxd5 17. Nxd5 Nxd5 18. cxd5 Rc8 19. O-O Qb6 20. Bd1 f5 21. exf5 gxf5
22. Nc3 Qd8 23. Be2 Qe8 24. Bg5 b5 25. Rac1 b4 26. Nb1 e4 27. b3 exf3 28. Bxf3
fxg4 29. Bxg4 Bxg4 30. hxg4 Qg6 31. Rf5 Rxf5 32. gxf5 Qxf5 33. Be3 Re8 34. Re1
h3 35. Qf2 Qg4+ 36. Kh1 Nd3 37. Qc2 Qe4+ 38. Kh2 Nxe1 0-1

[Event "6. OPEN International Ch of Vojvodina 20"]
[Site "Novi Sad"]
[Date "2015.07.25"]
[Round "1"]
[Board "7"]
[White "Lukovic, Vladimir"]
[Black "Kukurin, Luka"]
[Result "1-0"]
[WhiteElo "2417"]
[BlackElo "2030"]
[PlyCount "99"]
[EventDate "2015.07.25"]
[EventRounds "9"]
[EventCountry "SRB"]

1. e4 c5 2. Nf3 e6 3. d4 cxd4 4. Nxd4 Qb6 5. Nb3 Qc7 6. c4 Nf6 7. Nc3 Bb4 8.
Qc2 d5 9. exd5 exd5 10. a3 Qe5+ 11. Be3 Bf5 12. Qd2 Ne4 13. Qd4 Bxc3+ 14. bxc3
Qxd4 15. Nxd4 Be6 16. Nxe6 fxe6 17. cxd5 exd5 18. Rb1 O-O 19. Rxb7 Nc6 20. Bb5
Na5 21. Re7 Nxc3 22. Bd7 Nb3 23. h4 d4 24. Be6+ Kh8 25. Bxb3 dxe3 26. Rxe3 Nb5
27. Ba4 Nd4 28. O-O Nf5 29. Re4 Rac8 30. Rd1 Rc3 31. Rf4 Kg8 32. Bb5 g6 33.
Bc4+ Kg7 34. Rd7+ Kf6 35. Rxa7 Ke5 36. g3 Rb8 37. Kg2 Rb2 38. Ra5+ Kd6 39. Rd5+
Kc6 40. Rd3 Ne3+ 41. Kf3 Rxc4 42. fxe3 Rc5 43. Rf7 Rh5 44. Rdd7 Ra2 45. Rxh7
Rf5+ 46. Kg4 Rxa3 47. Rdg7 Ra4+ 48. Kh3 Kd5 49. Rxg6 Ke4 50. Rg4+ 1-0

[Event "6. OPEN International Ch of Vojvodina 20"]
[Site "Novi Sad"]
[Date "2015.07.25"]
[Round "1"]
[Board "8"]
[White "Vranes, Davorin"]
[Black "Nadj Hedjesi, Balind"]
[Result "0-1"]
[WhiteElo "2027"]
[BlackElo "2410"]
[PlyCount "61"]
[EventDate "2015.07.25"]
[EventRounds "9"]
[EventCountry "SRB"]

1. e4 c5 2. Nf3 d6 3. d4 cxd4 4. Nxd4 Nf6 5. Nc3 Bd7 6. Be2 Bc6 7. Nxc6 Nxc6 8.
O-O e6 9. Bg5 a6 10. Qd2 h6 11. Bh4 Rc8 12. f4 Be7 13. Kh1 O-O 14. Rfd1 Nxe4
15. Nxe4 Bxh4 16. Qxd6 Qb6 17. Qa3 Nd4 18. Qe3 Rxc2 19. Qxd4 Qxd4 20. Rxd4 Rxe2
21. g3 Rd8 22. Rad1 Rxd4 23. Rxd4 Be7 24. Nd2 Bf6 25. Rd7 Bxb2 26. Nc4 b5 27.
Nd6 Bf6 28. Ra7 Rxa2 29. Ra8+ Kh7 30. Nxf7 b4 31. Nd6 0-1

[Event "6. OPEN International Ch of Vojvodina 20"]
[Site "Novi Sad"]
[Date "2015.07.25"]
[Round "1"]
[Board "10"]
[White "Bejatovic, Bojana"]
[Black "Mesaros, Florian"]
[Result "1/2-1/2"]
[WhiteElo "2002"]
[BlackElo "2390"]
[PlyCount "104"]
[EventDate "2015.07.25"]
[EventRounds "9"]
[EventCountry "SRB"]

1. d4 Nf6 2. Nf3 g6 3. e3 Bg7 4. Bd3 d6 5. b3 O-O 6. Bb2 c5 7. O-O cxd4 8. exd4
Nc6 9. a3 Qc7 10. Re1 Nh5 11. Nbd2 Nf4 12. Bf1 e5 13. dxe5 dxe5 14. Nc4 Rd8 15.
Qc1 f6 16. a4 Bg4 17. Qe3 Nb4 18. Na3 Nbd5 19. Bc4 Kh8 20. Bxd5 Nxd5 21. Qe4
Bf5 22. Qh4 Nf4 23. g4 Qc6 24. Qg3 Be4 25. Re3 g5 26. Rae1 Bd5 27. Rc3 Qb6 28.
Nc4 Bxc4 29. Rxc4 Rd5 30. h4 h6 31. hxg5 hxg5 32. Bc1 Ne6 33. Qh3+ Kg8 34. Qh5
Qd6 35. Qg6 a6 36. Qf5 b5 37. Rce4 Qc6 38. Kg2 Nc5 39. Rh1 Nxe4 40. Qxe4 Rc5
41. Qh7+ Kf7 42. Qh5+ Ke6 43. Qg6 Rc3 44. Be3 Rh8 45. Rxh8 Bxh8 46. Qg8+ Kd7
47. Qxh8 Rxc2 48. Qg7+ Kc8 49. Qf8+ Kb7 50. Qf7+ Kc8 51. Qf8+ Kb7 52. Qf7+ Kc8
 1/2-1/2

[Event "6. OPEN International Ch of Vojvodina 20"]
[Site "Novi Sad"]
[Date "2015.07.25"]
[Round "1"]
[Board "11"]
[White "Rogac, Srdjan"]
[Black "Stanimirovic, Bosko"]
[Result "1-0"]
[WhiteElo "2385"]
[BlackElo "2000"]
[PlyCount "53"]
[EventDate "2015.07.25"]
[EventRounds "9"]
[EventCountry "SRB"]

1. e4 c5 2. c3 Nf6 3. e5 Nd5 4. g3 d6 5. exd6 Qxd6 6. Bg2 g6 7. Ne2 Bg7 8. O-O
O-O 9. d4 cxd4 10. Nxd4 Rd8 11. Na3 a6 12. Qe2 e5 13. Nb3 Nc6 14. Bg5 Nce7 15.
Rad1 Qc7 16. Rxd5 Rxd5 17. Bxe7 Rd7 18. Bc5 Rb8 19. Ba7 Ra8 20. Qe3 Rd6 21. Bc5
Re6 22. Nc4 Bd7 23. Nb6 Rd8 24. Nd5 Qb8 25. Ba7 Qc8 26. Nb6 Qc7 27. Nxd7 1-0

[Event "6. OPEN International Ch of Vojvodina 20"]
[Site "Novi Sad"]
[Date "2015.07.25"]
[Round "1"]
[Board "12"]
[White "Grguric, Dragan"]
[Black "Leskur, Dejan"]
[Result "0-1"]
[WhiteElo "1992"]
[BlackElo "2384"]
[PlyCount "64"]
[EventDate "2015.07.25"]
[EventRounds "9"]
[EventCountry "SRB"]

1. e4 d6 2. d4 Nf6 3. Nc3 g6 4. Be2 Bg7 5. h4 h5 6. Bg5 Nc6 7. Bb5 O-O 8. Qd2
a6 9. Bxc6 bxc6 10. Bh6 Bxh6 11. Qxh6 e5 12. O-O-O exd4 13. Rxd4 Ng4 14. Qd2 c5
15. Rd5 Qf6 16. Nf3 Be6 17. Rg5 Rab8 18. e5 dxe5 19. Ne4 Qg7 20. Qc3 f6 21.
Nxc5 Bf7 22. Rxg4 hxg4 23. Nd2 Rfd8 24. Nce4 f5 25. Ng5 e4 26. Qa3 Qxb2+ 27.
Qxb2 Rxb2 28. Ndxe4 Rxa2 29. Nxf7 Ra1+ 30. Kb2 Rxh1 31. Nxd8 fxe4 32. Ne6 Rf1
 0-1

[Event "6. OPEN International Ch of Vojvodina 20"]
[Site "Novi Sad"]
[Date "2015.07.25"]
[Round "1"]
[Board "13"]
[White "Martic, Ivan"]
[Black "Bokan, Jelena"]
[Result "1-0"]
[WhiteElo "2383"]
[BlackElo "1990"]
[PlyCount "101"]
[EventDate "2015.07.25"]
[EventRounds "9"]
[EventCountry "SRB"]

1. e4 e5 2. Nf3 Nc6 3. Bc4 Nf6 4. d3 h6 5. O-O d6 6. c3 Bg4 7. Bb3 Qd7 8. Nbd2
g5 9. Nc4 Bh5 10. Ne3 g4 11. Nh4 g3 12. Nd5 gxh2+ 13. Kh1 O-O-O 14. Nxf6 Bxd1
15. Nxd7 Bxb3 16. axb3 Kxd7 17. Nf5 a6 18. Ne3 h5 19. f4 exf4 20. Nd5 Bh6 21.
Bxf4 Bxf4 22. Rxf4 Ne5 23. d4 Ng4 24. Raf1 Kc8 25. Rxf7 c6 26. Nb6+ Kb8 27. Nc4
d5 28. Na5 Ka8 29. e5 Rb8 30. b4 Rhe8 31. Nb3 b6 32. Rh7 Rf8 33. Rff7 Rxf7 34.
Rxf7 Rg8 35. e6 Re8 36. e7 Kb7 37. Nd2 Kc7 38. Nf3 Kd6 39. Nh4 Ke6 40. Rh7 Rxe7
41. Rxh5 Kd7 42. Nf3 Re2 43. Rg5 Nf2+ 44. Kxh2 Rxb2 45. Ne5+ Kc7 46. Rg7+ Kc8
47. Nxc6 Ne4 48. Ne7+ Kb7 49. Nxd5+ Kc6 50. c4 Rd2 51. Rg6+ 1-0

[Event "6. OPEN International Ch of Vojvodina 20"]
[Site "Novi Sad"]
[Date "2015.07.25"]
[Round "1"]
[Board "14"]
[White "Mladenovic, Aleksandar D"]
[Black "Mrkonjic, Nenad"]
[Result "0-1"]
[WhiteElo "1989"]
[BlackElo "2380"]
[PlyCount "166"]
[EventDate "2015.07.25"]
[EventRounds "9"]
[EventCountry "SRB"]

1. d4 e6 2. c4 Nf6 3. Nc3 Bb4 4. Qc2 c5 5. e3 b6 6. Nf3 Bb7 7. Be2 O-O 8. O-O
Bxc3 9. Qxc3 d6 10. dxc5 dxc5 11. b3 Nbd7 12. Bb2 Qe7 13. Rfd1 Rfd8 14. h3 Nf8
15. Rxd8 Rxd8 16. Rd1 Rxd1+ 17. Bxd1 Qd6 18. Be2 N8d7 19. a3 a5 20. a4 Be4 21.
Qc1 h6 22. Qd1 Qc7 23. Qd2 Ne8 24. Qc3 f6 25. Nd2 Bg6 26. Bd3 Bh5 27. Ne4 Ne5
28. Bc2 Nc6 29. Qd2 Nb4 30. Bb1 Kf8 31. Nc3 Ke7 32. Nb5 Qc6 33. Kh1 Qb7 34. Bc3
Qb8 35. Kg1 Na6 36. Bb2 Nac7 37. Nxc7 Qxc7 38. Bc2 Qc6 39. Qd3 Bf7 40. Qe4 Qd7
41. Qd3 Qc8 42. Bc3 Nd6 43. Bb2 e5 44. Qh7 Qf8 45. Kf1 Qg8 46. Qxg8 Bxg8 47.
Ke2 Be6 48. f3 Bf5 49. e4 Bd7 50. Ke3 Nf7 51. g4 h5 52. Bc1 Ng5 53. h4 Ne6 54.
gxh5 Be8 55. h6 gxh6 56. Kf2 Nf4 57. Be3 Kf8 58. Kg3 Nh5+ 59. Kg4 Kg7 60. f4
Nxf4 61. Bxf4 exf4 62. Kxf4 Bh5 63. e5 Kf7 64. Bb1 Bd1 65. Ba2 Bc2 66. exf6
Kxf6 67. Kg4 Bg6 68. Kf4 Bf5 69. b4 Bc2 70. bxa5 bxa5 71. Ke3 Ke5 72. Kd2 Bxa4
73. Ke3 Bc2 74. Kd2 Bg6 75. Kc3 a4 76. Kb2 Kd4 77. Ka3 Bc2 78. Kb2 Bd1 79. Ka3
Kc3 80. Bb1 Kxc4 81. Kb2 Kb4 82. Kc1 Bb3 83. Kd2 a3 0-1

[Event "6. OPEN International Ch of Vojvodina 20"]
[Site "Novi Sad"]
[Date "2015.07.25"]
[Round "1"]
[Board "15"]
[White "Cabarkapa, Novak"]
[Black "Kucuksari, Kaan"]
[Result "1-0"]
[WhiteElo "2377"]
[BlackElo "1981"]
[PlyCount "111"]
[EventDate "2015.07.25"]
[EventRounds "9"]
[EventCountry "SRB"]

1. e4 c6 2. d4 d5 3. e5 c5 4. dxc5 Nc6 5. a3 Nxe5 6. b4 e6 7. Bb2 Ng6 8. Nf3
N8e7 9. h4 h5 10. g3 b6 11. cxb6 axb6 12. Bd3 f6 13. Be2 e5 14. Nfd2 Bf5 15. c4
Qd7 16. Nc3 Bg4 17. cxd5 Bxe2 18. Qxe2 Nxd5 19. Qe4 Nge7 20. Nc4 Rd8 21. O-O
Nxc3 22. Bxc3 Nd5 23. Rfd1 Qg4 24. Qxg4 hxg4 25. Bd2 Be7 26. Ne3 Nxe3 27. Bxe3
b5 28. Rxd8+ Kxd8 29. a4 bxa4 30. Rxa4 Kd7 31. b5 f5 32. Ra7+ Ke6 33. Kf1 Rb8
34. b6 f4 35. gxf4 exf4 36. Bxf4 Rxb6 37. Bg3 Rb1+ 38. Kg2 Bf6 39. Ra4 g5 40.
hxg5 Bxg5 41. Rxg4 Kf5 42. Ra4 Rb5 43. Ra8 Rb6 44. Ra5+ Kg6 45. f4 Bf6 46. Kf3
Rb3+ 47. Kg4 Rb4 48. Bf2 Rc4 49. Rb5 Ra4 50. Be3 Rc4 51. Bc5 Re4 52. Rb6 Rc4
53. Be7 Kf7 54. Bxf6 Rc1 55. Be5 Rg1+ 56. Kf5 1-0

[Event "6. OPEN International Ch of Vojvodina 20"]
[Site "Novi Sad"]
[Date "2015.07.25"]
[Round "1"]
[Board "16"]
[White "Petrovic, Vladan"]
[Black "Costachi, Mihnea"]
[Result "0-1"]
[WhiteElo "1980"]
[BlackElo "2360"]
[PlyCount "120"]
[EventDate "2015.07.25"]
[EventRounds "9"]
[EventCountry "SRB"]

1. e4 e5 2. Nf3 Nc6 3. d4 exd4 4. Nxd4 Nf6 5. Nxc6 bxc6 6. e5 Qe7 7. Qe2 Nd5 8.
c4 Nb6 9. g3 g6 10. Bg2 Bg7 11. f4 O-O 12. b3 Re8 13. O-O a5 14. Ba3 Qe6 15.
Nd2 f6 16. Qf2 a4 17. Bb2 axb3 18. axb3 Rxa1 19. Bxa1 fxe5 20. fxe5 Rf8 21. Nf3
Qe7 22. Qd2 c5 23. Re1 Bb7 24. Qg5 Qf7 25. Rf1 Qe6 26. Qe3 Qe7 27. Qg5 Qxg5 28.
Nxg5 Rxf1+ 29. Kxf1 Bxg2+ 30. Kxg2 h6 31. Ne4 Bf8 32. Kf3 Kf7 33. Nc3 c6 34.
Ke4 Na8 35. g4 Nc7 36. Na4 Ne6 37. Bb2 Ng5+ 38. Kf4 Be7 39. Bc3 Ke6 40. Nb2 d5
41. exd6 Bxd6+ 42. Ke3 Bxh2 43. Nd3 Bg1+ 44. Kf4 Nf7 45. Bg7 Bh2+ 46. Ke3 Bd6
47. Nf4+ Bxf4+ 48. Kxf4 h5 49. gxh5 gxh5 50. Bc3 Nd6 51. Bg7 Nf5 52. Bf8 Ne7
53. Bg7 h4 54. Kg4 Nf5 55. Bf8 Ne7 56. Bxe7 Kxe7 57. Kxh4 Kf6 58. Kg4 Ke5 59.
Kg5 Kd4 60. Kf5 Kc3 0-1

[Event "6. OPEN International Ch of Vojvodina 20"]
[Site "Novi Sad"]
[Date "2015.07.25"]
[Round "1"]
[Board "17"]
[White "Bergez, Luc"]
[Black "Dedijer, Zarko"]
[Result "1-0"]
[WhiteElo "2341"]
[BlackElo "1977"]
[PlyCount "81"]
[EventDate "2015.07.25"]
[EventRounds "9"]
[EventCountry "SRB"]

1. e4 e6 2. d4 d5 3. exd5 exd5 4. Nf3 c6 5. Bd3 Nf6 6. O-O Bg4 7. Re1+ Be7 8.
Qe2 Nbd7 9. Nbd2 Nf8 10. Nf1 Ne6 11. c3 O-O 12. h3 Bh5 13. Bf5 Re8 14. Ng3 Bxf3
15. Qxf3 Bd6 16. Bd2 Qc7 17. Nf1 a5 18. g3 a4 19. Rad1 Re7 20. Bc2 b5 21. h4
Rae8 22. h5 Nf8 23. Rxe7 Qxe7 24. Bg5 Qe2 25. Qxe2 Rxe2 26. Rc1 Re8 27. Bxf6
gxf6 28. Kg2 Kg7 29. Ne3 Bc7 30. Rh1 Nd7 31. Kf3 Kh8 32. Rh4 Bd6 33. Ng4 Be7
34. Rh1 Bd8 35. Nh6 Kg7 36. Nf5+ Kg8 37. Rh4 Nb6 38. Rg4+ Kh8 39. Rg7 Nc4 40.
Rxf7 Nxb2 41. Nd6 1-0

[Event "6. OPEN International Ch of Vojvodina 20"]
[Site "Novi Sad"]
[Date "2015.07.25"]
[Round "1"]
[Board "18"]
[White "Milosevic, Milos"]
[Black "Nestorovic, Lazar"]
[Result "0-1"]
[WhiteElo "1977"]
[BlackElo "2337"]
[PlyCount "66"]
[EventDate "2015.07.25"]
[EventRounds "9"]
[EventCountry "SRB"]

1. e4 c5 2. Nf3 e6 3. d4 cxd4 4. Nxd4 Nf6 5. Nc3 d6 6. Be3 Nc6 7. f3 Be7 8. Qd2
O-O 9. O-O-O a6 10. Bc4 Qc7 11. Bb3 Ne5 12. g4 b5 13. a3 Nc4 14. Bxc4 Qxc4 15.
Qd3 Qc7 16. Nce2 Nd7 17. Qc3 Qb7 18. g5 Ne5 19. h4 Bd7 20. Qb3 Nc4 21. Bf2 Rfc8
22. Rdg1 a5 23. h5 a4 24. Qb4 e5 25. Nf5 Bxf5 26. exf5 Qxf3 27. Nc3 Qxf2 28. f6
Bd8 29. g6 Bxf6 30. gxf7+ Kxf7 31. Qxb5 Qe3+ 32. Kb1 Nxa3+ 33. bxa3 Rab8 0-1

[Event "6. OPEN International Ch of Vojvodina 20"]
[Site "Novi Sad"]
[Date "2015.07.25"]
[Round "1"]
[Board "19"]
[White "Perisic, Radivoj"]
[Black "Zivkovic, Zivojin"]
[Result "1-0"]
[WhiteElo "2337"]
[BlackElo "1977"]
[PlyCount "76"]
[EventDate "2015.07.25"]
[EventRounds "9"]
[EventCountry "SRB"]

1. e4 d6 2. d4 Nf6 3. Nc3 g6 4. Bg5 Bg7 5. f4 h6 6. Bh4 c6 7. Nf3 Qa5 8. Bd3
Bg4 9. h3 Bxf3 10. Qxf3 Qh5 11. Qf2 g5 12. Bg3 gxf4 13. Bxf4 Nbd7 14. O-O e5
15. dxe5 dxe5 16. Be3 Bf8 17. Be2 Qg6 18. Bf3 b6 19. a4 Bb4 20. Ne2 Rg8 21. c3
Bc5 22. b4 Be7 23. a5 Rb8 24. axb6 axb6 25. Kh2 Nh7 26. Bg4 Nhf8 27. Bf5 Qg7
28. Ra7 Ne6 29. Bxe6 fxe6 30. Rd1 Rd8 31. g4 Qg6 32. Ng3 Bh4 33. Qg2 Bxg3+ 34.
Kxg3 Rf8 35. Qd2 Rf7 36. Bxb6 h5 37. Bxd8 hxg4 38. Bg5 Qxe4 1-0

[Event "6. OPEN International Ch of Vojvodina 20"]
[Site "Novi Sad"]
[Date "2015.07.25"]
[Round "1"]
[Board "20"]
[White "Markovic, Zoran D"]
[Black "Maryasin, Boris"]
[Result "0-1"]
[WhiteElo "1967"]
[BlackElo "2332"]
[PlyCount "70"]
[EventDate "2015.07.25"]
[EventRounds "9"]
[EventCountry "SRB"]

1. d4 Nf6 2. c4 e6 3. Nc3 Bb4 4. Bg5 h6 5. Bxf6 Qxf6 6. Nf3 c5 7. g3 Nc6 8. Bg2
d6 9. O-O Bxc3 10. bxc3 O-O 11. Rb1 b6 12. e4 e5 13. d5 Na5 14. Nd2 Qg5 15. Kh1
f5 16. h3 f4 17. Nf3 Qg6 18. Nd2 fxg3 19. fxg3 Bxh3 20. Rf3 Rxf3 21. Bxf3 Rf8
22. Qe2 Qg5 23. Re1 Bc8 24. Kg2 g6 25. a4 Qe7 26. Bg4 Ba6 27. Qe3 Kg7 28. Be2
Qd7 29. Rf1 Rxf1 30. Bxf1 Qxa4 31. Kf3 Nxc4 32. Nxc4 Bxc4 33. Bh3 Qa2 34. Be6
Qb1 35. Kg4 Qh1 0-1

[Event "6. OPEN International Ch of Vojvodina 20"]
[Site "Novi Sad"]
[Date "2015.07.25"]
[Round "1"]
[Board "21"]
[White "Pantelic, Sasa"]
[Black "Marcok, Pavel"]
[Result "1-0"]
[WhiteElo "2324"]
[BlackElo "1942"]
[PlyCount "55"]
[EventDate "2015.07.25"]
[EventRounds "9"]
[EventCountry "SRB"]

1. d4 g6 2. c4 Bg7 3. Nf3 d6 4. Nc3 Nf6 5. g3 O-O 6. Bg2 Nc6 7. O-O Bd7 8. h3
e5 9. d5 Ne7 10. c5 Ne8 11. cxd6 Nxd6 12. e4 f5 13. Ng5 Qc8 14. Qb3 h6 15. Ne6
Rf7 16. Nxg7 Kxg7 17. f4 fxe4 18. g4 exf4 19. Bxf4 h5 20. Be5+ Kg8 21. Bxd6
Rxf1+ 22. Rxf1 cxd6 23. Nxe4 hxg4 24. Qe3 Nf5 25. Qg5 Be8 26. hxg4 Nd4 27. Qe7
Ne2+ 28. Kh2 1-0

[Event "6. OPEN International Ch of Vojvodina 20"]
[Site "Novi Sad"]
[Date "2015.07.25"]
[Round "1"]
[Board "22"]
[White "Poprzen, Miroslav"]
[Black "Marholev, Dimitar"]
[Result "0-1"]
[WhiteElo "1939"]
[BlackElo "2317"]
[PlyCount "30"]
[EventDate "2015.07.25"]
[EventRounds "9"]
[EventCountry "SRB"]

1. e4 e5 2. Nf3 Nc6 3. d4 exd4 4. Nxd4 g6 5. Nc3 Bg7 6. Be3 Nge7 7. f4 O-O 8.
Bc4 Na5 9. Be2 d5 10. exd5 Nxd5 11. Nxd5 Qxd5 12. Bf3 Qc4 13. Qd2 Re8 14. O-O-O
Qxa2 15. c3 Bxd4 0-1

[Event "6. OPEN International Ch of Vojvodina 20"]
[Site "Novi Sad"]
[Date "2015.07.25"]
[Round "1"]
[Board "23"]
[White "Stojanovic, Andjelija"]
[Black "Budisavljevic, Luka"]
[Result "1-0"]
[WhiteElo "2313"]
[BlackElo "1937"]
[PlyCount "119"]
[EventDate "2015.07.25"]
[EventRounds "9"]
[EventCountry "SRB"]

1. Nf3 Nf6 2. c4 c5 3. g3 g6 4. Bg2 Bg7 5. O-O O-O 6. d4 Nc6 7. Nc3 d6 8. d5
Na5 9. Nd2 a6 10. Qc2 Bd7 11. b3 b5 12. Bb2 bxc4 13. bxc4 Rb8 14. Rab1 Qc7 15.
Ba1 Ng4 16. Nce4 Bxa1 17. Rxb8 Rxb8 18. Rxa1 Ne5 19. f4 Ng4 20. Qc3 f5 21. Ng5
h6 22. Ngf3 Nf6 23. Nh4 Kf7 24. e4 e6 25. dxe6+ Bxe6 26. exf5 gxf5 27. Re1 Nc6
28. Rxe6 Kxe6 29. Bd5+ Nxd5 30. cxd5+ Kd7 31. dxc6+ Kxc6 32. Nxf5 Qf7 33. Nxd6
Qh5 34. N6c4 Qd1+ 35. Kf2 Qh1 36. Qf6+ Kd7 37. Qd6+ Kc8 38. Qxc5+ Kd7 39. Qd6+
Kc8 40. Qxa6+ Kc7 41. Qd6+ Kc8 42. Qf8+ Kb7 43. Qe7+ Ka6 44. Qa3+ Kb7 45. Qf3+
Qxf3+ 46. Kxf3 Kc6 47. g4 Kd5 48. h4 Kd4 49. f5 Ra8 50. a3 Rf8 51. Kf4 Kd3 52.
g5 hxg5+ 53. hxg5 Rd8 54. f6 Rd7 55. Kf5 Rd5+ 56. Kg6 Rc5 57. f7 Rc8 58. Kg7
Rc7 59. Kg8 Rc5 60. g6 1-0

[Event "6. OPEN International Ch of Vojvodina 20"]
[Site "Novi Sad"]
[Date "2015.07.25"]
[Round "1"]
[Board "24"]
[White "Peev, Kosta"]
[Black "Besedes, Danilo"]
[Result "0-1"]
[WhiteElo "1933"]
[BlackElo "2307"]
[PlyCount "80"]
[EventDate "2015.07.25"]
[EventRounds "9"]
[EventCountry "SRB"]

1. d4 Nf6 2. Nf3 g6 3. Bg5 Ne4 4. Bf4 Bg7 5. Nbd2 d5 6. e3 Bf5 7. Bd3 Nd7 8.
Nh4 e6 9. Nxf5 exf5 10. c4 dxc4 11. Nxc4 O-O 12. O-O Nb6 13. Qc2 Nxc4 14. Qxc4
Nd2 15. Qxc7 Nxf1 16. Kxf1 Qxc7 17. Bxc7 Rac8 18. Bf4 Rfd8 19. b3 Bxd4 20. exd4
Rxd4 21. Bxf5 gxf5 22. Be3 Rd5 23. Bxa7 f4 24. b4 Rc2 25. a4 Kg7 26. a5 Kg6 27.
h3 Rcd2 28. Rc1 Rd1+ 29. Rxd1 Rxd1+ 30. Ke2 Rd5 31. Kf3 Kf5 32. Bc5 Rd3+ 33.
Ke2 Ra3 34. Kd2 Ke4 35. Ke2 Kd5 36. h4 Kc4 37. Kd2 Rb3 38. Kc2 f5 39. Bd6 Rxb4
40. Bxf4 Ra4 0-1

[Event "6. OPEN International Ch of Vojvodina 20"]
[Site "Novi Sad"]
[Date "2015.07.25"]
[Round "1"]
[Board "25"]
[White "Mikheev, Stanislav"]
[Black "Obradovic, Vladimir"]
[Result "1-0"]
[WhiteElo "2303"]
[BlackElo "1931"]
[PlyCount "55"]
[EventDate "2015.07.25"]
[EventRounds "9"]
[EventCountry "SRB"]

1. d4 Nf6 2. c4 c5 3. d5 b5 4. cxb5 a6 5. bxa6 Bxa6 6. Nc3 d6 7. Nf3 g6 8. e4
Bxf1 9. Kxf1 Nbd7 10. g3 Bg7 11. Kg2 O-O 12. a4 Ng4 13. Nd2 Ndf6 14. Nc4 h5 15.
h3 Nh6 16. Bf4 Kh7 17. Qc2 Qb8 18. Rhe1 Nd7 19. Nb5 Nb6 20. Ncxd6 exd6 21. Bxd6
Qb7 22. Bxf8 Bxf8 23. b3 Nc8 24. Rad1 Nd6 25. Qxc5 Nxe4 26. Qc6 Qxc6 27. dxc6
Nc5 28. c7 1-0